000 00524cam a22001457a 4500
008 180718b1953 xxu||||| |||| 00| 0 eng d
082 _aY1503x5442 G959
100 _aGupte, K.S.
245 _aThe Bombay land revenue code, 1879, Bombay act no.v. of 1879 as amended upto-date
_cby K.S. Gupte
250 _a4th ed.
260 _aPoona
_bWestern India Law Printing Press
_c1953
300 _a985p.
650 _aLand tenure --India --Bombay (State)
650 _aReal property tax --Law and legislation --India --Bombay (State)
999 _c367253
_d367253